Statistics for Die Religion (English to German)

Click here to take the quiz!

General Stats

  • This quiz has been taken 28 times
    (19 since last reset)
  • The average score is 15 of 28

Answer Stats

HintAnswer% Correct
Godder Gott
100%
choirder Chor
86%
heavender Himmel
86%
churchdie Kirche
86%
Islamder Islam
79%
Ramadander Ramadan
79%
angelder Engel
71%
Hinduismder Hinduismus
71%
templeder Tempel
71%
devilder Teufel
71%
synagoguedie Synagoge
71%
Easterdas Ostern
64%
popeder Papst
64%
prophetder Prophet
64%
helldie Hölle
64%
Christianitydas Christentum
57%
mosquedie Moschee
57%
Judaismdas Judentum
50%
saintder Heilige
43%
cathedralder Dom
36%
mercydie Gnade
36%
blessingder Segen
29%
sindie Sünde
29%
sermondie Predigt
21%
crusadeder Kreuzzug
14%
Passoverdas Pessach
7%
conversiondie Bekehrung
0%
clergydie Geistlichkeit
0%

Score Distribution

Percentile by Number Answered

Percent of People with Each Score

Your Score History

You have not taken this quiz since the last reset